| 000 | 00586nam a2200181Ia 4500 | ||
|---|---|---|---|
| 001 | 13436 | ||
| 005 | 20260306164801.0 | ||
| 008 | 260306t2006||||xx |||||||||||||| ||spa|| | ||
| 041 | _aESP | ||
| 082 |
_a004.16 _bB82 2006 |
||
| 100 |
_aBrey, Barry B. _eAUT |
||
| 245 | 0 |
_aMicroprocesadores intel : _b8086/8088, 80186/80188, 80286, 80386, 80486, Pentium, Procesador Pentium Pro, Pentium II, Pentium III y Pentium 4. Arquitectura, Programación e Interfaz = The intel microprocessors |
|
| 260 | _c2006 | ||
| 300 |
_a _c |
||
| 650 | _aGEN | ||
| 654 | _aCCC | ||
| 942 |
_cLIB _dJUS _fJUS _2ddc _n |
||
| 999 |
_c13436 _d13436 |
||